| 000 | 00428nam a22001577a 4500 | ||
|---|---|---|---|
| 005 | 20260309061112.0 | ||
| 008 | 260211b |||||||| |||| 00| 0 eng d | ||
| 020 | _a978-1-4063-1328-4 | ||
| 082 | _aREF 813.54 BRO | ||
| 100 | _aBrowne, Anthony. | ||
| 245 | _aPiggybook. | ||
| 260 |
_aLondon _bWalker Books and Subsidiaries. _c2018 |
||
| 300 |
_a1 v. (unpaged) _bill. ; _c28 cm. |
||
| 440 | _aPiggybook. | ||
| 942 |
_2ddc _cREFERENCE |
||
| 999 |
_c10532 _d10533 |
||